000 00424nam a2200145Ia 4500
008 231129s2002||||xx |||||||||||||| ||spa||
020 _a958-8109-45-0
040 _bspa
082 _aCo863 ó65p
100 _aOrdóñez Nates Edgar
245 0 _aEl paraí­so rechazado
260 _c2002
264 _aAlcaldí­a Mayor. Instituto Distrital de Cultura y Turismo
942 _2ddc
_cBKS
999 _c11998
_d11998